[Event "Championnat de Paris"]
[Site "Paris"]
[Date "????.??.??"]
[Round "1.1"]
[White "Calistri, Tristan"]
[Black "Fressinet, Laurent"]
[Result "0-1"]
[WhiteElo "2370"]
[BlackElo "2626"]
[PlyCount "66"]

1. e4 e5 2. Nf3 Nc6 3. Bb5 a6 4. Ba4 Nf6 5. O-O b5 6. Bb3 Bc5 7. a4 Rb8 8. c3
O-O 9. d4 Bb6 10. dxe5 Ng4 11. h3 Ngxe5 12. Nxe5 Nxe5 13. axb5 axb5 14. Kh1 d6
15. f4 Ng4 16. Qe1 Nf6 17. Be3 Re8 18. Bxb6 Rxb6 19. Nd2 Bb7 20. Bc2 b4 21. c4
b3 22. Bb1 Nd7 23. Ra5 Qf6 24. e5 dxe5 25. Ne4 Qh6 26. Ng5 g6 27. c5 Rf6 28.
Ra7 Nxc5 29. Qc3 Rxf4 30. Rxf4 exf4 31. Qxc5 Re1+ 32. Kh2 Qh4 33. Qc3 Re3 0-1

[Event "Championnat de Paris"]
[Site "Paris"]
[Date "????.??.??"]
[Round "1.2"]
[White "Kazhgaleyev, Murtas"]
[Black "Elbilia, Jacques"]
[Result "1/2-1/2"]
[WhiteElo "2606"]
[BlackElo "2358"]
[PlyCount "41"]

1. d4 d6 2. e4 Nf6 3. Nc3 e5 4. Nf3 Nbd7 5. Bc4 Be7 6. O-O O-O 7. a4 c6 8. Ba2
a5 9. Qe2 exd4 10. Nxd4 Nc5 11. h3 Re8 12. Qf3 Be6 13. Nxe6 fxe6 14. Re1 d5 15.
exd5 exd5 16. Bg5 Rf8 17. Qe3 Bd6 18. Qd4 Qd7 19. Bxf6 Rxf6 20. Rad1 Raf8 21.
Re2 1/2-1/2

[Event "Championnat de Paris"]
[Site "Paris"]
[Date "????.??.??"]
[Round "1.3"]
[White "Picard, Romain"]
[Black "Bauer, Christian"]
[Result "0-1"]
[WhiteElo "2357"]
[BlackElo "2599"]
[PlyCount "50"]

1. e4 c5 2. Nf3 b6 3. c4 Bb7 4. Nc3 e6 5. d4 cxd4 6. Nxd4 Nc6 7. Be3 Qb8 8. Be2
Nf6 9. Qd2 Nxd4 10. Qxd4 Bd6 11. O-O-O Be5 12. Qd3 O-O 13. Bd4 Bxd4 14. Qxd4
Nxe4 15. Nxe4 Qf4+ 16. Qe3 Qxe4 17. Qxe4 Bxe4 18. Rxd7 Bxg2 19. Rhd1 Bc6 20.
R7d6 Rfc8 21. b3 Rab8 22. Kb2 Kf8 23. a4 Ke7 24. a5 bxa5 25. Kc3 Rb6 0-1

[Event "Championnat de Paris"]
[Site "Paris"]
[Date "????.??.??"]
[Round "1.4"]
[White "Tregubov, Pavel V"]
[Black "Nguyen, Chi-Minh"]
[Result "1-0"]
[WhiteElo "2594"]
[BlackElo "2343"]
[PlyCount "73"]

1. d4 e6 2. c4 Nf6 3. Nf3 b6 4. g3 Bb7 5. Bg2 Be7 6. O-O O-O 7. Nc3 Na6 8. a3
d5 9. cxd5 Nxd5 10. Re1 Nxc3 11. bxc3 Be4 12. Qa4 Qc8 13. Ne5 Bxg2 14. Kxg2 Bd6
15. Nc4 Nb8 16. e4 a6 17. Qb3 b5 18. Nxd6 cxd6 19. a4 Nc6 20. axb5 axb5 21.
Rxa8 Qxa8 22. Qxb5 Rb8 23. Qd3 Rc8 24. Bf4 Qa3 25. d5 e5 26. Bc1 Nb4 27. Bxa3
Nxd3 28. Rb1 f6 29. Bxd6 Rxc3 30. Rb8+ Kf7 31. Rb7+ Ke8 32. Re7+ Kd8 33. Rxg7
Rc2 34. Rxh7 Rxf2+ 35. Kh3 f5 36. Be7+ Kc8 37. d6 1-0

[Event "Championnat de Paris"]
[Site "Paris"]
[Date "????.??.??"]
[Round "1.5"]
[White "Badev, Kiril"]
[Black "Shchekachev, Andrei"]
[Result "1-0"]
[WhiteElo "2340"]
[BlackElo "2593"]
[PlyCount "79"]

1. e4 c5 2. Nf3 e6 3. b3 a6 4. Bb2 d6 5. d4 cxd4 6. Nxd4 Nf6 7. Bd3 g6 8. O-O
Bg7 9. a4 O-O 10. Re1 b6 11. Nd2 Bb7 12. a5 e5 13. N4f3 b5 14. c4 Nc6 15. cxb5
axb5 16. Bxb5 Nxa5 17. b4 Qb6 18. Qe2 Nc6 19. Ba3 d5 20. exd5 Nxd5 21. Bxc6
Bxc6 22. Nc4 Qb5 23. Ncxe5 Qxe2 24. Rxe2 Nf4 25. Ree1 Bxf3 26. gxf3 Ra4 27. Bb2
Rxa1 28. Bxa1 Ra8 29. Bd4 Ra4 30. h4 Ne6 31. Bc3 Ra3 32. Bd2 Ra2 33. Nc4 Bf6
34. b5 Nd4 35. Re8+ Kg7 36. b6 Nxf3+ 37. Kg2 Nxd2 38. b7 Nxc4 39. b8=Q Bd4 40.
Rg8+ 1-0

[Event "Championnat de Paris"]
[Site "Paris"]
[Date "????.??.??"]
[Round "1.6"]
[White "Fedorchuk, Sergey A"]
[Black "Manouck, Thierry"]
[Result "1/2-1/2"]
[WhiteElo "2592"]
[BlackElo "2337"]
[PlyCount "46"]

1. e4 d6 2. d4 Nf6 3. Nc3 Nbd7 4. Nf3 e5 5. Bc4 Be7 6. O-O O-O 7. Re1 c6 8. a4
a5 9. Ba2 h6 10. h3 Re8 11. Be3 Qc7 12. Nh4 exd4 13. Bxd4 Nf8 14. e5 N6h7 15.
exd6 Qxd6 16. Qh5 Be6 17. Nf5 Qf4 18. Rxe6 fxe6 19. Bxg7 Ng5 20. g4 Bc5 21. Rf1
Nf3+ 22. Kg2 Ne1+ 23. Kg1 Nf3+ 1/2-1/2

[Event "Championnat de Paris"]
[Site "Paris"]
[Date "????.??.??"]
[Round "1.7"]
[White "Dourerassou, Jonathan"]
[Black "Landa, Konstantin"]
[Result "1/2-1/2"]
[WhiteElo "2336"]
[BlackElo "2584"]
[PlyCount "159"]

1. e4 c6 2. d4 d5 3. Nc3 dxe4 4. Nxe4 Bf5 5. Ng3 Bg6 6. h4 h6 7. Nf3 Nd7 8. h5
Bh7 9. Bd3 Bxd3 10. Qxd3 e6 11. Bf4 Qa5+ 12. Bd2 Bb4 13. c3 Be7 14. c4 Qc7 15.
O-O-O Ngf6 16. Ne4 b5 17. c5 Nxe4 18. Qxe4 Nf6 19. Qe2 Nd5 20. Kb1 Bf6 21. Qe4
a5 22. g3 a4 23. Bf4 Qa5 24. Qe1 a3 25. Qxa5 Rxa5 26. Bd2 Ra4 27. b3 Rxd4 28.
Nxd4 Bxd4 29. Be1 e5 30. b4 Ke7 31. Rd3 Bb2 32. Bd2 f5 33. f3 Kf6 34. g4 f4 35.
Kc2 Re8 36. Re1 Kg5 37. Kb3 Re6 38. Re2 Re8 39. Be1 Kf6 40. Rd1 Ra8 41. Red2
Ke6 42. Re2 Kf7 43. Bd2 Bd4 44. Re4 Bb2 45. Bc1 Bxc1 46. Rxc1 Kf6 47. Rce1 Ne3
48. R1xe3 fxe3 49. Rxe3 Ra7 50. Kc2 Ra4 51. Kc3 Ra7 52. Rd3 Kg5 53. Rd6 Rf7 54.
Rg6+ Kf4 55. Rxc6 Kxf3 56. Re6 Ke4 57. Rd6 Ke3 58. c6 Rc7 59. Kc2 e4 60. Kc3
Rc8 61. Re6 Rc7 62. Rd6 Rc8 63. Re6 Rc7 64. Rd6 Re7 65. Rd5 Kf4 66. Kd2 e3+ 67.
Ke2 Rc7 68. Rc5 Ke4 69. Rc3 Kd4 70. Rc1 Ke4 71. Rc3 Kd4 72. Rxe3 Rxc6 73. Rxa3
Rc2+ 74. Kf3 Rc3+ 75. Rxc3 Kxc3 76. Ke4 Kxb4 77. Kd5 Ka4 78. Kc5 Ka5 79. Kc6
Ka6 80. Kc5 1/2-1/2

[Event "Championnat de Paris"]
[Site "Paris"]
[Date "????.??.??"]
[Round "1.9"]
[White "Rrhioua, Tarik"]
[Black "Fridman, Daniel"]
[Result "0-1"]
[WhiteElo "2329"]
[BlackElo "2569"]
[PlyCount "80"]

1. Nf3 d5 2. b3 Bg4 3. Bb2 Bxf3 4. gxf3 e6 5. e3 Nf6 6. Qe2 Nbd7 7. f4 c6 8.
Bg2 g6 9. O-O Bg7 10. d3 O-O 11. Nd2 Nh5 12. d4 Bh8 13. c4 Ng7 14. b4 Nf5 15.
b5 Rb8 16. a4 c5 17. Ba3 cxd4 18. Bxf8 Qxf8 19. cxd5 exd5 20. Rac1 dxe3 21.
fxe3 Re8 22. e4 dxe4 23. Nxe4 Nc5 24. Rfe1 Re6 25. Qc2 Bd4+ 26. Kh1 Qh6 27.
Rcd1 b6 28. Rxd4 Nxd4 29. Qc3 Qh4 30. Ng3 Qxf4 31. Rd1 Rd6 32. Rf1 Qg4 33. a5
h5 34. axb6 axb6 35. Qc4 Qe6 36. Qc1 h4 37. Re1 Qd7 38. Ne4 Nd3 39. Qh6 Nxe1
40. Ng5 Nxg2 0-1

[Event "Championnat de Paris"]
[Site "Paris"]
[Date "????.??.??"]
[Round "1.10"]
[White "David, Alberto"]
[Black "Salaun, Yann"]
[Result "1-0"]
[WhiteElo "2546"]
[BlackElo "2312"]
[PlyCount "77"]

1. e4 c5 2. Nf3 Nc6 3. Bb5 g6 4. Bxc6 bxc6 5. O-O Bg7 6. Re1 e5 7. b4 cxb4 8.
Bb2 d6 9. d4 f6 10. a3 bxa3 11. Nxa3 Nh6 12. dxe5 fxe5 13. Nc4 Nf7 14. Ba3 Bf8
15. Qd3 Be6 16. Red1 c5 17. Ne3 Qc8 18. Bb2 Be7 19. c4 O-O 20. Bc3 Bd8 21. Nd5
Qc6 22. Nd2 Qb7 23. Rdb1 Bb6 24. Ra2 Rae8 25. Nf6+ Kg7 26. Nxe8+ Rxe8 27. Nf1
Ng5 28. f3 Qf7 29. Ne3 Qf4 30. Bd2 Qf8 31. Rf1 Kg8 32. Nd5 Bd8 33. Rxa7 Bc8 34.
f4 exf4 35. Rxf4 Qh6 36. Nf6+ Bxf6 37. Rxf6 Qh4 38. Bxg5 Qxg5 39. Qd5+ 1-0

[Event "Championnat de Paris"]
[Site "Paris"]
[Date "????.??.??"]
[Round "1.11"]
[White "Camus De Solliers, Guillaume"]
[Black "Guliyev, Namig"]
[Result "1-0"]
[WhiteElo "2307"]
[BlackElo "2543"]
[PlyCount "47"]

1. d4 d5 2. c4 dxc4 3. Nf3 Nf6 4. e3 e6 5. Bxc4 a6 6. a4 c5 7. O-O Nc6 8. Qe2
cxd4 9. Rd1 Be7 10. exd4 O-O 11. Nc3 Nb4 12. Ne5 Bd7 13. d5 Nfxd5 14. Bxd5 exd5
15. Nxd5 Nxd5 16. Rxd5 Bb5 17. Qd1 Qxd5 18. Qxd5 Rad8 19. Qf3 Be8 20. Bf4 b6
21. Nc6 Bxc6 22. Qxc6 Bc5 23. a5 Rc8 24. Bc7 1-0

[Event "Championnat de Paris"]
[Site "Paris"]
[Date "????.??.??"]
[Round "1.12"]
[White "Jankovic, Alojzije"]
[Black "Leconte, Maria"]
[Result "1/2-1/2"]
[WhiteElo "2525"]
[BlackElo "2304"]
[PlyCount "110"]

1. d4 Nf6 2. Nf3 e6 3. c4 d5 4. Nc3 Bb4 5. Qa4+ Nc6 6. e3 O-O 7. Bd2 a6 8. a3
Bxc3 9. Bxc3 Ne4 10. Qc2 Nxc3 11. Qxc3 Re8 12. Rc1 Bd7 13. Bd3 Qf6 14. O-O dxc4
15. Qxc4 Rac8 16. Qb3 b5 17. Be4 Na5 18. Qc2 Nc4 19. Bxh7+ Kh8 20. Be4 g5 21.
b3 g4 22. bxc4 gxf3 23. Bxf3 bxc4 24. Bb7 Rb8 25. Bxa6 Bc6 26. f3 Rg8 27. Qf2
Ra8 28. Bxc4 Rxa3 29. Be2 Ba8 30. Rxc7 Ra2 31. Rc5 Qh6 32. Rfc1 Bb7 33. R5c2
Ra5 34. Rc5 Ra2 35. h4 f5 36. R5c2 Ra3 37. Rc3 Ra2 38. Rc7 Bd5 39. Rc8 Qg7 40.
Rxg8+ Kxg8 41. Qe1 f4 42. Rc8+ Kh7 43. Bf1 Kh6 44. exf4 Qxd4+ 45. Kh2 Rf2 46.
Qc1 Bxf3 47. Rg8 Bd1 48. Qc8 Qxf4+ 49. Rg3 Qf6 50. Bd3 Bh5 51. Kh3 Rf4 52. Rg5
Rxh4+ 53. Kxh4 Qxg5+ 54. Kh3 Bg4+ 55. Kh2 Qe5+ 1/2-1/2

[Event "Championnat de Paris"]
[Site "Paris"]
[Date "????.??.??"]
[Round "1.13"]
[White "Karim, Ismael"]
[Black "Dizdar, Goran"]
[Result "0-1"]
[WhiteElo "2288"]
[BlackElo "2521"]
[PlyCount "65"]

1. e4 e6 2. d4 d5 3. Nc3 Bb4 4. exd5 exd5 5. Bd3 Nc6 6. a3 Be7 7. Be3 Bf6 8.
Qh5 Nce7 9. Nge2 g6 10. Qf3 c6 11. O-O-O Bf5 12. g4 Bxd3 13. Rxd3 h5 14. h3 Qd7
15. Rg1 hxg4 16. hxg4 Nc8 17. Bf4 Nd6 18. Be5 Bxe5 19. dxe5 Nc4 20. Qg3 Qe7 21.
f4 f6 22. Nd4 fxe5 23. fxe5 O-O-O 24. Re1 Nh6 25. Kb1 Nf7 26. e6 Nfd6 27. b3
Ne4 28. Nxe4 dxe4 29. Rxe4 Rh1+ 30. Re1 Qxa3 31. bxc4 Qb4+ 32. Nb3 Qxe1+ 33.
Kb2 0-1

[Event "Championnat de Paris"]
[Site "Paris"]
[Date "????.??.??"]
[Round "1.14"]
[White "Drasko, Milan"]
[Black "Reinhart, Emmanuel"]
[Result "1-0"]
[WhiteElo "2521"]
[BlackElo "2266"]
[PlyCount "57"]

1. Nf3 d5 2. g3 Nf6 3. Bg2 c6 4. O-O Bf5 5. b3 e6 6. Bb2 Be7 7. d3 h6 8. Nbd2
O-O 9. c4 Nbd7 10. a3 a5 11. Qc2 Qc7 12. e4 Bh7 13. cxd5 exd5 14. Rfe1 dxe4 15.
dxe4 Rfe8 16. Qc3 Bf8 17. Nd4 Nc5 18. f3 Rad8 19. Rad1 b5 20. Nf1 Qb6 21. Ne3
Bd6 22. Rc1 Rc8 23. Red1 Red8 24. Kh1 Bf8 25. Bh3 Rc7 26. Ndf5 Rxd1+ 27. Rxd1
Bxf5 28. Nxf5 Kh7 29. Qc2 {suite illisible} 1-0

[Event "Championnat de Paris"]
[Site "Paris"]
[Date "????.??.??"]
[Round "1.16"]
[White "Sochacki, Christophe"]
[Black "Evdokimov, Alexander A"]
[Result "0-1"]
[WhiteElo "2030"]
[BlackElo "2500"]
[PlyCount "102"]

1. e4 c5 2. Nf3 d6 3. d4 cxd4 4. Nxd4 Nf6 5. f3 e5 6. Bb5+ Nbd7 7. Nf5 d5 8.
exd5 a6 9. Ba4 b5 10. Bb3 Nc5 11. Ne3 Bb7 12. c4 Nxb3 13. axb3 Bc5 14. Nc3 Qb6
15. Qe2 Nh5 16. Nc2 O-O 17. b4 Bd4 18. c5 Qd8 19. d6 Qh4+ 20. Kd1 Rfe8 21. Be3
Nf6 22. Qd2 Bxe3 23. Qxe3 e4 24. Qd4 Qg5 25. f4 Qxg2 26. Rg1 Qxh2 27. Ne2 e3
28. Ne1 Re4 29. Qc3 Re6 30. f5 Re5 31. Ra3 Ne4 32. Qc2 Rd5+ 33. Nd3 Nf2+ 34.
Kc1 Rxd3 35. Rxd3 Be4 36. Rgd1 Nxd3+ 37. Rxd3 Bxf5 38. c6 Bxd3 39. Qxd3 Qh1+
40. Kc2 Qxc6+ 41. Nc3 Rd8 42. Qxe3 Qxd6 43. Qg5 h6 44. Qg2 Qxb4 45. Qf3 Qc4 46.
b3 Qd4 47. b4 Rc8 48. Kb1 Rxc3 49. Qa8+ Kh7 50. Qe8 Qd1+ 51. Ka2 Qb3+ 0-1

[Event "Championnat de Paris"]
[Site "Paris"]
[Date "????.??.??"]
[Round "1.18"]
[White "Jovanic, Ognjen"]
[Black "Houhou, Olivier"]
[Result "1-0"]
[WhiteElo "2464"]
[BlackElo "2255"]
[PlyCount "69"]

1. d4 Nf6 2. c4 g6 3. Nc3 d5 4. e3 Bg7 5. Qb3 dxc4 6. Bxc4 O-O 7. Nf3 c5 8. d5
Ne8 9. e4 Nd6 10. e5 Nxc4 11. Qxc4 Nd7 12. Bf4 Nb6 13. Qxc5 Bg4 14. O-O Rc8 15.
Qd4 Rc4 16. Qd2 Bxf3 17. gxf3 Qc8 18. Bg3 Qf5 19. Qe3 h5 20. h4 Kh7 21. Rad1
Bh6 22. Qd3 Qh3 23. Ne4 Rfc8 24. Rfe1 Nd7 25. f4 Qf5 26. Ng5+ Bxg5 27. fxg5
Qxd3 28. Rxd3 Nc5 29. Rf3 Kg8 30. b3 Rc2 31. b4 Na6 32. e6 Rf8 33. d6 fxe6 34.
dxe7 Re8 35. Bd6 1-0

[Event "Championnat de Paris"]
[Site "Paris"]
[Date "????.??.??"]
[Round "1.19"]
[White "Peyrat, Olivier"]
[Black "Marzolo, Cyril"]
[Result "0-1"]
[WhiteElo "2251"]
[BlackElo "2440"]
[PlyCount "48"]

1. Nf3 Nf6 2. g3 g6 3. b4 Bg7 4. Bb2 O-O 5. c4 c6 6. Na3 d6 7. Bg2 Qb6 8. Qb3
a5 9. b5 a4 10. Qc2 Qc5 11. O-O Qh5 12. bxc6 bxc6 13. d3 Bh3 14. Rab1 Nbd7 15.
Bxf6 Bxf6 16. Bxh3 Qxh3 17. Rb4 Ra5 18. Rd1 Rh5 19. e3 Ne5 20. Nxe5 Qxh2+ 21.
Kf1 Bxe5 22. d4 Bxg3 23. fxg3 Rf5+ 24. Ke1 Qxg3+ 0-1

[Event "Championnat de Paris"]
[Site "Paris"]
[Date "????.??.??"]
[Round "1.20"]
[White "Zatonskih, Anna"]
[Black "Azadharf, Farrokh"]
[Result "1-0"]
[WhiteElo "2432"]
[BlackElo "2251"]
[PlyCount "61"]

1. e4 c5 2. g3 Nc6 3. Bg2 d6 4. d3 Nf6 5. f4 g6 6. Nf3 Bg7 7. O-O O-O 8. a4 Rb8
9. h3 c4 10. Kh2 cxd3 11. cxd3 a6 12. Qe2 b5 13. axb5 axb5 14. Be3 Nd7 15. d4
d5 16. exd5 Nb4 17. Nc3 Bb7 18. Ne5 Nxe5 19. dxe5 Nxd5 20. Nxd5 Bxd5 21. Rfd1
Bc4 22. Qf2 Qc8 23. Ba7 Rb7 24. Bxb7 Qxb7 25. Bc5 Rc8 26. Ra7 Qe4 27. Bxe7 Bd5
28. Raa1 h5 29. Rd2 h4 30. Bxh4 Bf8 31. Qg2 1-0

[Event "Championnat de Paris"]
[Site "Paris"]
[Date "????.??.??"]
[Round "1.21"]
[White "Touboulic, Julien"]
[Black "Shirazi, Kamran"]
[Result "1-0"]
[WhiteElo "2244"]
[BlackElo "2429"]
[PlyCount "153"]

1. e4 c6 2. d4 d5 3. Nc3 b5 4. a3 dxe4 5. Nxe4 Nf6 6. Nxf6+ exf6 7. c3 Bd6 8.
Bd3 O-O 9. Ne2 Qc7 10. h3 Re8 11. O-O f5 12. Qc2 g6 13. g3 Nd7 14. Bf4 Nf6 15.
Bxd6 Qxd6 16. Rfe1 Bd7 17. Nf4 c5 18. Bf1 cxd4 19. Rxe8+ Rxe8 20. Rd1 Qc5 21.
Rxd4 Bc6 22. Qd1 Ne4 23. Bg2 Qb6 24. h4 a5 25. h5 g5 26. Bxe4 Rxe4 27. Rd8+ Re8
28. Rxe8+ Bxe8 29. Nd5 Qe6 30. Qd4 Bc6 31. h6 f6 32. Nxf6+ Kf7 33. Qa7+ Qe7 34.
Qxe7+ Kxe7 35. Nxh7 g4 36. Ng5 Kf6 37. h7 Kg7 38. Kf1 a4 39. Ke2 Bd5 40. Ke3
Ba2 41. Kd4 Bb3 42. Ke5 Bc2 43. Kd4 Bb3 44. Ke5 Bc2 45. Kd6 Bd3 46. Ke7 Bc2 47.
Ne6+ Kxh7 48. Kf6 Bd3 49. Nd4 Kh6 50. Nxf5+ Kh5 51. Nd6 Kh6 52. Ke5 Kg5 53.
Ne4+ Kg6 54. Kf4 Be2 55. Nd2 Bd1 56. f3 gxf3 57. Nxf3 Be2 58. g4 Kf6 59. g5+
Kg7 60. Ne5 Bf1 61. Ke4 Kf8 62. Kd5 Ke7 63. Nc6+ Kf7 64. Kc5 Kg6 65. Nd4 Kxg5
66. Nxb5 Kf6 67. Kb4 Ke5 68. Kxa4 Kd5 69. Kb4 Kc6 70. Nd4+ Kb6 71. c4 Bg2 72.
c5+ Ka6 73. Kc4 Ka5 74. b4+ Ka4 75. c6 Kxa3 76. b5 Ka4 77. b6 1-0

[Event "Championnat de Paris"]
[Site "Paris"]
[Date "????.??.??"]
[Round "1.22"]
[White "Onkoud, Abdelaziz"]
[Black "Spielmann, Alain"]
[Result "0-1"]
[WhiteElo "2427"]
[BlackElo "2231"]
[PlyCount "73"]

1. d4 Nf6 2. c4 g6 3. Nc3 d5 4. f3 c5 5. cxd5 Nxd5 6. e4 Nxc3 7. bxc3 Bg7 8.
Be3 Qa5 9. Qd2 O-O 10. Ne2 Rd8 11. Rd1 Nc6 12. h4 h5 13. Kf2 b6 14. g4 hxg4 15.
f4 e5 16. d5 exf4 17. Bxf4 Ba6 18. h5 Bxe2 19. Qxe2 Ne5 20. Bxe5 Bxe5 21. hxg6
fxg6 22. Qxg4 Rd6 23. Rh6 Kg7 24. Qh4 Qxc3 25. Bd3 Rf8+ 26. Kg1 Qd4+ 27. Kh1
Qe3 28. Qe7+ Kxh6 29. Qxf8+ Kh5 30. Qf1 Rf6 31. Qe2+ Qxe2 32. Bxe2+ Kg5 33. Kg2
Kf4 34. Bf3 c4 35. Kf2 b5 36. Ke2 Ra6 37. Rd2 {illisible} 0-1

[Event "Championnat de Paris"]
[Site "Paris"]
[Date "????.??.??"]
[Round "1.23"]
[White "Lamorelle, Julien"]
[Black "Chabanon, Jean-Luc"]
[Result "0-1"]
[WhiteElo "2230"]
[BlackElo "2404"]
[PlyCount "68"]

1. e4 e5 2. Nf3 Nc6 3. Bc4 Nf6 4. d3 Bc5 5. c3 d6 6. O-O O-O 7. Bb3 a6 8. Nbd2
Ba7 9. h3 h6 10. Re1 Ne7 11. Nf1 Ng6 12. d4 Qe7 13. Ng3 Re8 14. Nf5 Qf8 15. g4
exd4 16. cxd4 Be6 17. g5 hxg5 18. Nxg5 d5 19. Nxe6 fxe6 20. Ng3 Nh4 21. e5 Nh7
22. Re3 Ng5 23. Ne2 Qf5 24. Qf1 Ngf3+ 25. Kh1 Rf8 26. Rc3 Nxd4 27. Ng3 Qxf2 28.
Qxf2 Rxf2 29. Be3 Rxb2 30. Nf1 Nxb3 31. axb3 d4 32. Rc4 dxe3 33. Rxh4 e2 34.
Nh2 Bf2 0-1

[Event "Championnat de Paris"]
[Site "Paris"]
[Date "????.??.??"]
[Round "1.24"]
[White "Rohit, G."]
[Black "Colson, Arnaud"]
[Result "1-0"]
[WhiteElo "2401"]
[BlackElo "2211"]
[PlyCount "63"]

1. e4 Nf6 2. e5 Nd5 3. Nf3 d6 4. d4 dxe5 5. Nxe5 g6 6. Bc4 c6 7. O-O Bg7 8. Bb3
O-O 9. Qe2 Be6 10. c4 Nb6 11. Rd1 N8d7 12. Nxd7 Qxd7 13. Nc3 Bxd4 14. Be3 c5
15. Nb5 Qc6 16. Nxd4 cxd4 17. Rxd4 Rfd8 18. Rh4 Nd7 19. Bd4 Nf8 20. Qe5 f6 21.
Qe3 Rd7 22. Re4 Rad8 23. Bc3 Rd3 24. Qe2 Kf7 25. Re1 R8d7 26. Bc2 R3d6 27. c5
Rd5 28. Ba4 Qa6 29. Bb5 Qxa2 30. Rxe6 Nxe6 31. Qxe6+ Kg7 32. Bxd7 1-0

[Event "Championnat de Paris"]
[Site "Paris"]
[Date "????.??.??"]
[Round "1.25"]
[White "Eche, Sylvain"]
[Black "Bergez, Luc"]
[Result "0-1"]
[WhiteElo "2203"]
[BlackElo "2398"]
[PlyCount "48"]

1. e4 d5 2. exd5 Nf6 3. c4 e6 4. Nc3 exd5 5. cxd5 Nxd5 6. Nf3 Be7 7. Bc4 Nb6 8.
Bb3 O-O 9. h3 Bf5 10. d4 Nc6 11. O-O Bf6 12. Be3 Re8 13. Rc1 Qd7 14. Nb5 a6 15.
Nc3 Rad8 16. Na4 Bxh3 17. gxh3 Qxh3 18. Rxc6 bxc6 19. Bf4 Re4 20. Bg3 Nxa4 21.
Bxa4 h5 22. Bc2 Rg4 23. Nh2 Bxd4 24. Qf3 Rxg3+ 0-1

[Event "Championnat de Paris"]
[Site "Paris"]
[Date "????.??.??"]
[Round "1.26"]
[White "Brochet, Philippe"]
[Black "Saatdjian, Thomas"]
[Result "1/2-1/2"]
[WhiteElo "2398"]
[BlackElo "2202"]
[PlyCount "115"]

1. e4 c5 2. c3 d5 3. exd5 Qxd5 4. d4 e6 5. Nf3 Nf6 6. Be3 cxd4 7. cxd4 Bb4+ 8.
Nc3 O-O 9. Bd3 b6 10. O-O Bxc3 11. bxc3 Ba6 12. Bxa6 Nxa6 13. Qd3 Nb8 14. c4
Qe4 15. Qxe4 Nxe4 16. Rfd1 Nd7 17. d5 e5 18. a4 Rfc8 19. a5 Nd6 20. Nd2 b5 21.
cxb5 Nxb5 22. Nf3 a6 23. Rac1 Rc3 24. Bd2 Rd3 25. Kf1 f6 26. Bb4 Rxd1+ 27. Rxd1
Rc8 28. Nd2 Kf7 29. Ne4 Rc4 30. Nd6+ Nxd6 31. Bxd6 Ra4 32. Bc7 Re4 33. d6 Rb4
34. Rc1 Rb7 35. Rc6 Ra7 36. Rb6 Ke6 37. Rb3 Ra8 38. Ke2 Nc5 39. Rc3 Ne4 40. Rc4
Nxd6 41. Rc6 Kd7 42. Rxd6+ Kxc7 43. Rb6 Ra7 44. Kd3 Kd7 45. Ke4 Kc7 46. Kd5 Kd7
47. g4 h6 48. f3 Ke7 49. Kc6 g6 50. Rb3 Rd7 51. Rb6 Rd3 52. Rxa6 Rxf3 53. Ra8
e4 54. a6 Ra3 55. Kd5 e3 56. Ra7+ Kf8 57. Ke6 e2 58. Ra8+ 1/2-1/2

[Event "Championnat de Paris"]
[Site "Paris"]
[Date "????.??.??"]
[Round "1.27"]
[White "Emmenecker, Philippe"]
[Black "Karr, Jean-Philippe"]
[Result "1-0"]
[WhiteElo "2175"]
[BlackElo "2394"]
[PlyCount "65"]

1. d4 Nf6 2. c4 g6 3. Nc3 d5 4. cxd5 Nxd5 5. e4 Nxc3 6. bxc3 Bg7 7. Nf3 c5 8.
Rb1 O-O 9. Be2 b6 10. h4 Bb7 11. e5 cxd4 12. cxd4 Be4 13. Be3 Qd5 14. Rc1 Qxa2
15. Bc4 Qb2 16. Ng5 Bxg2 17. Rg1 Bb7 18. h5 b5 19. hxg6 hxg6 20. Bxf7+ Rxf7 21.
Nxf7 Nd7 22. Nh6+ Kh7 23. Rxg6 Nxe5 24. Rxg7+ Kxg7 25. dxe5 Qxe5 26. Rc5 Qe4
27. Nf5+ Kf8 28. Ng3 Qb4+ 29. Kf1 Qh4 30. Qd7 Ba6 31. Rf5+ Kg8 32. Qd5+ Kg7 33.
Qf7+ 1-0

[Event "Championnat de Paris"]
[Site "Paris"]
[Date "????.??.??"]
[Round "1.28"]
[White "Monroy, Charles"]
[Black "Blazkova, Petra"]
[Result "1-0"]
[WhiteElo "2388"]
[BlackElo "2173"]
[PlyCount "97"]

1. e4 e6 2. d4 d5 3. Nd2 Nf6 4. e5 Nfd7 5. Bd3 c5 6. c3 Nc6 7. Ngf3 cxd4 8.
cxd4 Qb6 9. O-O Nxd4 10. Nxd4 Qxd4 11. Nf3 Qb6 12. Qc2 Qc5 13. Qe2 d4 14. a3
Be7 15. b4 Qb6 16. Bb2 O-O 17. Bxd4 Qd8 18. Qe4 g6 19. Rfd1 Nb6 20. h4 Bd7 21.
b5 Nd5 22. h5 Rc8 23. Qg4 Kh8 24. a4 Rg8 25. hxg6 fxg6 26. Be4 Nc3 27. Bxc3
Rxc3 28. Bxb7 Qc7 29. Qd4 Rd8 30. Bc6 Rxc6 31. bxc6 Bxc6 32. Qc4 Rxd1+ 33. Rxd1
Qb7 34. Qxe6 Bxf3 35. gxf3 Qxf3 36. Rd7 Qf4 37. Qxe7 Qg4+ 38. Kf1 Qc4+ 39. Ke1
Qe4+ 40. Kd2 Qf4+ 41. Kd3 Qf3+ 42. Kc4 Qe2+ 43. Kd5 Qd3+ 44. Kc6 Qa6+ 45. Kc7
Qb6+ 46. Kc8 Qc6+ 47. Kb8 Qb6+ 48. Ka8 Qc6+ 49. Rb7 1-0

[Event "Championnat de Paris"]
[Site "Paris"]
[Date "????.??.??"]
[Round "1.29"]
[White "Do, Huu-Thi"]
[Black "Pira, Davoud"]
[Result "0-1"]
[WhiteElo "2170"]
[BlackElo "2386"]
[PlyCount "47"]

1. d4 Nf6 2. c3 b6 3. Bg5 Bb7 4. Bxf6 gxf6 5. Nd2 f5 6. Nh3 e6 7. e3 d6 8. Qh5
Nd7 9. Bb5 a6 10. Bxd7+ Qxd7 11. Rg1 O-O-O 12. O-O-O Kb8 13. Kb1 Rg8 14. Nf4 h6
15. g3 f6 16. d5 exd5 17. Ka1 c6 18. Nb3 Re8 19. Rge1 Ka7 20. Rd2 a5 21. Nd4
Rg5 22. Qd1 Rg7 23. Qc2 Re5 24. Red1 {suite illisible} 0-1

[Event "Championnat de Paris"]
[Site "Paris"]
[Date "????.??.??"]
[Round "1.30"]
[White "Draoui, Najib"]
[Black "Vallepin, Cedric"]
[Result "1-0"]
[WhiteElo "2379"]
[BlackElo "2150"]
[PlyCount "35"]

1. e4 Nf6 2. e5 Nd5 3. d4 d6 4. Nf3 Bg4 5. h3 Bh5 6. c4 Nb6 7. e6 fxe6 8. Bd3
Bxf3 9. Qxf3 g6 10. Qxb7 Bg7 11. Nc3 O-O 12. Qe4 e5 13. c5 exd4 14. cxb6 dxc3
15. b7 Nd7 16. bxa8=Q Qxa8 17. Qxa8 Rxa8 18. Rb1 1-0

[Event "Championnat de Paris"]
[Site "Paris"]
[Date "????.??.??"]
[Round "1.31"]
[White "Morabbi, Armin"]
[Black "Spiridonov, Nikola"]
[Result "0-1"]
[WhiteElo "2137"]
[BlackElo "2378"]
[PlyCount "64"]

1. e4 c5 2. Nf3 Nc6 3. Nc3 g6 4. d4 cxd4 5. Nxd4 Bg7 6. Be3 Nf6 7. Be2 O-O 8.
g4 d5 9. Nxc6 bxc6 10. e5 Nd7 11. f4 Rb8 12. Na4 Qa5+ 13. c3 c5 14. Nxc5 Rxb2
15. Na4 Rb8 16. Bd4 Bb7 17. Nb2 Nc5 18. Nd3 Ne4 19. Nb4 Rfc8 20. Qd3 Qa3 21.
Nc2 Qb2 22. O-O Nxc3 23. Kh1 Nxe2 24. Bxb2 d4+ 25. Rf3 Rxc2 26. Re1 Bxf3+ 27.
Qxf3 Rbxb2 28. e6 fxe6 29. Qe4 d3 30. Qxd3 Nxf4 31. Qg3 g5 32. h4 Rg2 0-1

[Event "Championnat de Paris"]
[Site "Paris"]
[Date "????.??.??"]
[Round "1.32"]
[White "Mullon, Jean-Baptiste"]
[Black "Liard, Thibaud"]
[Result "1-0"]
[WhiteElo "2375"]
[BlackElo "2135"]
[PlyCount "81"]

1. e4 c5 2. Nf3 d6 3. Bb5+ Bd7 4. Bxd7+ Qxd7 5. O-O Nf6 6. e5 dxe5 7. Nxe5 Qc8
8. Qf3 e6 9. Nc3 Be7 10. d3 O-O 11. Bf4 Na6 12. a3 Nc7 13. Bg5 Ncd5 14. Rfe1
Nxc3 15. bxc3 Nd5 16. Bd2 Qc7 17. Rab1 b6 18. c4 Nf6 19. Bc3 Rac8 20. Re3 Nd7
21. Qg3 Bd6 22. Nxd7 Bxg3 23. Rxg3 f6 24. Nxf6+ Rxf6 25. Bxf6 g6 26. Re1 Re8
27. h4 Qf4 28. Bg5 Qd4 29. Re4 Qa1+ 30. Kh2 Qxa3 31. d4 Qb2 32. d5 a5 33. Rxe6
Rf8 34. Bh6 Rd8 35. h5 Kf7 36. hxg6+ hxg6 37. Rf3+ Kg8 38. Rxg6+ Kh7 39. Rg4
Rg8 40. Rh3 Rxg4 41. Bc1+ 1-0

[Event "Championnat de Paris"]
[Site "Paris"]
[Date "????.??.??"]
[Round "2.1"]
[White "Fressinet, Laurent"]
[Black "Zatonskih, Anna"]
[Result "1-0"]
[WhiteElo "2626"]
[BlackElo "2432"]
[PlyCount "113"]

1. d4 d5 2. c4 c6 3. Nf3 Nf6 4. Nc3 a6 5. c5 Nbd7 6. Bf4 Nh5 7. e3 g6 8. Bd3
Bg7 9. O-O O-O 10. Bg5 Re8 11. e4 dxe4 12. Nxe4 Ndf6 13. Ned2 Be6 14. Nc4 Nd5
15. Re1 Qc7 16. Rxe6 fxe6 17. Qe1 Kh8 18. Nce5 Ndf4 19. Bf1 Rf8 20. g3 Nd5 21.
Bd3 Nhf6 22. Nh4 Qc8 23. Qe2 Kg8 24. Bd2 Nc7 25. Nhf3 Nd7 26. Ng4 Nf6 27. Nh6+
Kh8 28. Ne5 Qe8 29. Qe3 Nd7 30. Nhg4 Nxe5 31. Nxe5 Nd5 32. Qe2 Nf6 33. f4 Nd7
34. Nf3 Rf6 35. Bc3 Rd8 36. Rd1 Nf8 37. Be4 Nd7 38. Kg2 Qg8 39. Bd3 Qe8 40. h4
Nf8 41. Be4 Nd7 42. Rh1 Nf8 43. Ba5 Rc8 44. Ne5 h5 45. Qd3 Rf5 46. Bxf5 exf5
47. Qb3 Nd7 48. Nf7+ Kh7 49. Ng5+ Kh6 50. Nf7+ Kh7 51. Re1 Ra8 52. Ng5+ Kh6 53.
Nf7+ Kh7 54. Ng5+ Kh6 55. Qf7 e5 56. fxe5 Nf8 57. Qg8 1-0